Fabricacion de mermelada

Saved in:
Bibliografiske detaljer
Hovedforfatter: Rauch, George H (Author)
Format: Bog
Sprog:spansk
Udgivet: Zaragoza Acribia 1987
Fag:
Tags: Tilføj Tag
Ingen Tags, Vær først til at tagge denne postø!

MARC

LEADER 00000nam a2200000 a 4500
001 UCX7884
003 CL-VaPUC
008 940111e19870000SP |||||||||||||||||spa|d
082 0 4 |a 664.152  |b RAU  |2 21 
100 0 |a Rauch, George H  |e author  |9 324835 
245 1 0 |a Fabricacion de mermelada 
300 |a 199 p 
942 |c BK 
945 |d 19940111 00:00:00  |a mfernand 
260 |a Zaragoza  |b Acribia  |c 1987 
650 7 |a MERMELADAS  |2 CL-VaPUC  |9 324836 
583 |a last modification  |c 19940111 00:00:00  |k Rodrigo Vera 
999 |c 227562  |d 227560 
952 |0 0  |1 0  |4 0  |6 664_152000000000000_RAU_1987  |7 0  |8 A  |9 226673  |a BIBALI  |b BIBALI  |c RES  |d 2019-11-15  |i 2957752  |o 664.152 RAU 1987  |p 2957752  |r 2025-01-20  |w 2019-11-15  |y BK_R  |k ALI